| 000 | 00423nam a2200133 a 4500 | ||
|---|---|---|---|
| 001 | 000042789 | ||
| 005 | 20201002040410.0 | ||
| 008 | 140210s2011 dr 000 0 spa d | ||
| 040 |
_aDO-SdBNP _bspa _cBNPHU |
||
| 245 | 0 | 0 |
_aPoemas de Manuel del Cabral para leer en el metro. / _cselección, Pablo Reyes. |
| 260 |
_aSanto Domingo, : _bMinisterio de Cultura, _c2011. |
||
| 300 |
_a19 p. ; _c23 cm. |
||
| 700 | 1 |
_aReyes, Pablo _937953 |
|
| 999 |
_c42278 _d42278 |
||